| 000 | 01060nam a22003377a 4500 | ||
|---|---|---|---|
| 003 | CHAP | ||
| 005 | 20220329135537.0 | ||
| 008 | 971013s1962 uk r 00010 eng d | ||
| 010 | _a38277 | ||
| 011 | _a39249 | ||
| 035 | _a43369 | ||
| 040 | _cCHAP | ||
| 082 | 0 | 4 |
_a519.5 _bP4 1962 |
| 100 | 0 | 0 |
_aPearson, E. S. _986421 |
| 245 | 1 | _aBiometrika tables for statisticians | |
| 250 | _a2 ed. | ||
| 260 |
_aLondon : _bCambridge University, _c1962 |
||
| 300 | _av. | ||
| 500 | _aLa biblioteca tiene: v.1 | ||
| 590 |
_aBATCH-UPD _b10 _c20130110 _lUCH01 _h1847 |
||
| 590 |
_aBATCH-UPD _b10 _c20130410 _lUCH01 _h1216 |
||
| 590 |
_aBATCH-UPD _b10 _c20130914 _lUCH01 _h0636 |
||
| 590 |
_aCONVERSION _b10 _c20130109 _lUCH01 _h1321 |
||
| 650 | 1 | 4 |
_aBiometrÃa. _912831 |
| 650 | 1 | 4 |
_aEstadÃstica _xTablas. _938257 |
| 700 | 0 |
_aHartley, H. O. _952944 |
|
| 901 | _aBK | ||
| 942 | _cLIBRO | ||
| 949 |
_a519.5 P4 1962 _bBC _cLIBRO _d33724000388617 _eLIBRO _fv.1 c.2 _h38485 _i43369 _si _t87.50 |
||
| 949 |
_a519.5 P4 1962 _bBC _cLIBRO _d33724000388625 _eLIBRO _fv.1 _h38484 _i43369 _si _t87.50 |
||
| 999 |
_c38277 _d38277 |
||